[Event "DEM U18 2019"]
[Site "Willingen GER"]
[Date "2019.06.09"]
[Round "2"]
[White "Lange, Jannis"]
[Black "Goldbeck, Lars"]
[Result "0-1"]
[Termination "normal"]
[Board "11"]
[WhiteElo "2024"]
[BlackElo "2199"]
[WhiteClock "00:00:32"]
[BlackClock "00:32:35"]
[PlyCount "74"]
[WhiteFideId "12993107"]
[BlackFideId "16208188"]
[EventCountry "GER"]
[EventRounds "9"]
[EventType "swiss"]
[EventDate "2019.06.08"]

1. e4 {[%clk 1:30:56]} 1... c5 {[%clk 1:30:53]} 2. Nf3 {[%clk 1:31:15]} 2... d6
{[%clk 1:31:21]} 3. Bb5+ {[%clk 1:31:32]} 3... Nd7 {[%clk 1:31:50]} 4. O-O {
[%clk 1:31:43]} 4... a6 {[%clk 1:32:15]} 5. Bxd7+ {[%clk 1:32:04]} 5... Bxd7 {
[%clk 1:32:42]} 6. d4 {[%clk 1:32:26]} 6... cxd4 {[%clk 1:33:06]} 7. Qxd4 {
[%clk 1:32:52]} 7... e5 {[%clk 1:33:25]} 8. Qd3 {[%clk 1:32:25]} 8... Rc8 {
[%clk 1:33:49]} 9. Nc3 {[%clk 1:13:47]} 9... h6 {[%clk 1:32:56]} 10. a4 { [%clk
1:13:24]} 10... Nf6 {[%clk 1:33:20]} 11. Rd1 {[%clk 1:08:09]} 11... Be7 { [%clk
1:32:26]} 12. a5 {[%clk 1:08:15]} 12... O-O {[%clk 1:28:19]} 13. Be3 { [%clk
1:04:09]} 13... Be6 {[%clk 1:27:23]} 14. Nd2 {[%clk 0:54:41]} 14... d5 { [%clk
1:20:20]} 15. Bb6 {[%clk 0:46:24]} 15... Qd7 {[%clk 1:20:48]} 16. exd5 { [%clk
0:45:23]} 16... Nxd5 {[%clk 1:21:13]} 17. Nxd5 {[%clk 0:45:31]} 17... Qxd5
{[%clk 1:21:39]} 18. Qxd5 {[%clk 0:45:33]} 18... Bxd5 {[%clk 1:22:07]} 19. Nf1
{[%clk 0:45:26]} 19... Be6 {[%clk 1:21:36]} 20. Ne3 {[%clk 0:41:35]} 20... Bg5
{[%clk 1:16:04]} 21. Rd2 {[%clk 0:36:06]} 21... f5 {[%clk 1:14:24]} 22. Rd6
{[%clk 0:34:21]} 22... Kf7 {[%clk 1:13:59]} 23. c3 {[%clk 0:31:30]} 23... Ke7 {
[%clk 0:49:09]} 24. Rd3 {[%clk 0:09:21]} 24... e4 {[%clk 0:42:59]} 25. Rd4 {
[%clk 0:08:15]} 25... Kf7 {[%clk 0:41:50]} 26. Nd5 {[%clk 0:05:41]} 26... Rc6 {
[%clk 0:40:42]} 27. Nb4 {[%clk 0:03:20]} 27... Rc4 {[%clk 0:40:41]} 28. Rad1 {
[%clk 0:02:34]} 28... Rxd4 {[%clk 0:40:15]} 29. Rxd4 {[%clk 0:02:38]} 29... Bc1
{[%clk 0:38:44]} 30. Rd6 {[%clk 0:01:40]} 30... Bxb2 {[%clk 0:38:52]} 31. Bd4 {
[%clk 0:00:46]} 31... Rc8 {[%clk 0:37:05]} 32. Rb6 {[%clk 0:00:41]} 32... Bxc3
{[%clk 0:34:52]} 33. Rxb7+ {[%clk 0:01:03]} 33... Kf8 {[%clk 0:34:49]} 34. Bxc3
{[%clk 0:00:51]} 34... Rxc3 {[%clk 0:35:18]} 35. g3 {[%clk 0:01:12]} 35... f4 {
[%clk 0:33:52]} 36. Kf1 {[%clk 0:00:31]} 36... Bc4+ {[%clk 0:32:26]} 37. Ke1 {
[%clk 0:00:32]} 37... e3 {[%clk 0:32:35]} 0-1

[Event "DEM U18 2019"]
[Site "Willingen GER"]
[Date "2019.06.09"]
[Round "2"]
[White "Wendler, David"]
[Black "Knödler, Marcel"]
[Result "1-0"]
[Termination "normal"]
[Board "12"]
[WhiteElo "2163"]
[BlackElo "1633"]
[WhiteClock "00:06:32"]
[BlackClock "00:00:34"]
[PlyCount "65"]
[WhiteFideId "12938360"]
[BlackFideId "12976202"]
[EventCountry "GER"]
[EventRounds "9"]
[EventType "swiss"]
[EventDate "2019.06.08"]

1. e4 {[%clk 1:30:54]} 1... c6 {[%clk 1:30:56]} 2. d4 {[%clk 1:31:16]} 2... d5
{[%clk 1:31:21]} 3. exd5 {[%clk 1:31:40]} 3... cxd5 {[%clk 1:31:46]} 4. c4 {
[%clk 1:32:06]} 4... Nf6 {[%clk 1:32:10]} 5. Nc3 {[%clk 1:32:25]} 5... e6 {
[%clk 1:32:32]} 6. Nf3 {[%clk 1:32:37]} 6... Nc6 {[%clk 1:32:07]} 7. c5 { [%clk
1:28:02]} 7... Ne4 {[%clk 1:24:29]} 8. Bb5 {[%clk 1:22:52]} 8... Nxc3 { [%clk
1:18:09]} 9. bxc3 {[%clk 1:22:23]} 9... Be7 {[%clk 1:16:25]} 10. O-O { [%clk
1:19:03]} 10... O-O {[%clk 1:14:49]} 11. Bxc6 {[%clk 1:16:24]} 11... bxc6
{[%clk 1:15:13]} 12. Qa4 {[%clk 1:16:09]} 12... Bd7 {[%clk 1:04:21]} 13. Rb1 {
[%clk 1:07:34]} 13... Qc7 {[%clk 0:47:58]} 14. g3 {[%clk 1:02:52]} 14... e5 {
[%clk 0:37:21]} 15. Nxe5 {[%clk 0:57:48]} 15... Bf5 {[%clk 0:33:26]} 16. Rb2 {
[%clk 0:52:10]} 16... Rfc8 {[%clk 0:27:43]} 17. Bf4 {[%clk 0:45:36]} 17... g5 {
[%clk 0:25:59]} 18. Nxf7 {[%clk 0:45:25]} 18... gxf4 {[%clk 0:25:01]} 19. Nh6+
{[%clk 0:45:45]} 19... Kh8 {[%clk 0:23:11]} 20. Nxf5 {[%clk 0:46:08]} 20... Qd7
{[%clk 0:22:46]} 21. Re1 {[%clk 0:35:32]} 21... Qxf5 {[%clk 0:20:26]} 22. Rxe7
{[%clk 0:35:56]} 22... f3 {[%clk 0:19:21]} 23. Rbb7 {[%clk 0:32:10]} 23... Rab8
{[%clk 0:16:00]} 24. Rxh7+ {[%clk 0:20:03]} 24... Kg8 {[%clk 0:15:42]} 25.
Rhg7+ {[%clk 0:20:26]} 25... Kh8 {[%clk 0:15:24]} 26. Qd1 {[%clk 0:20:08]}
26... Rxb7 {[%clk 0:13:36]} 27. Rxb7 {[%clk 0:20:32]} 27... Re8 {[%clk 0:12:19]
} 28. Qf1 {[%clk 0:14:19]} 28... Re2 {[%clk 0:07:21]} 29. Qb1 {[%clk 0:10:26]}
29... Re7 {[%clk 0:00:42]} 30. Rb8+ {[%clk 0:06:00]} 30... Kg7 {[%clk 0:00:54]}
31. Qc1 {[%clk 0:06:02]} 31... Qh3 {[%clk 0:00:38]} 32. Qg5+ {[%clk 0:06:18]}
32... Kh7 {[%clk 0:00:34]} 33. Qxe7+ {[%clk 0:06:32]} 1-0

[Event "DEM U18 2019"]
[Site "Willingen GER"]
[Date "2019.06.09"]
[Round "2"]
[White "Wong, Gengchun"]
[Black "Sureshkumar, Atchuthan"]
[Result "1-0"]
[Termination "normal"]
[Board "14"]
[WhiteElo "2144"]
[BlackElo "1502"]
[WhiteClock "01:22:55"]
[BlackClock "01:12:38"]
[PlyCount "69"]
[WhiteFideId "12963283"]
[BlackFideId "16283678"]
[EventCountry "GER"]
[EventRounds "9"]
[EventType "swiss"]
[EventDate "2019.06.08"]

1. e4 {[%clk 1:31:18]} 1... e5 {[%clk 1:31:15]} 2. Nf3 {[%clk 1:31:39]} 2...
Nc6 {[%clk 1:31:12]} 3. Bb5 {[%clk 1:32:04]} 3... a6 {[%clk 1:31:40]} 4. Bxc6 {
[%clk 1:32:04]} 4... dxc6 {[%clk 1:30:51]} 5. O-O {[%clk 1:32:49]} 5... Bg4 6.
h3 {[%clk 1:33:14]} 6... h5 {[%clk 1:28:36]} 7. d3 {[%clk 1:32:31]} 7... Qf6 {
[%clk 1:24:40]} 8. Nbd2 {[%clk 1:29:21]} 8... g5 {[%clk 1:23:21]} 9. b3 { [%clk
1:29:15]} 9... Bxf3 {[%clk 1:23:44]} 10. Qxf3 {[%clk 1:29:39]} 10... Qxf3
{[%clk 1:24:08]} 11. Nxf3 {[%clk 1:26:21]} 11... f6 {[%clk 1:20:37]} 12. Be3 {
[%clk 1:22:55]} 12... O-O-O {[%clk 1:12:38]} 13. Rad1 Bb4 14. d4 exd4 15. Nxd4
Ne7 16. Ne6 Rd6 17. Rxd6 cxd6 18. Bd4 Kd7 19. Bxf6 Rh6 20. Nf8+ Ke8 21. Bg7 Rh8
22. Bxh8 Kxf8 23. Bf6 g4 24. Bxe7+ Kxe7 25. hxg4 hxg4 26. Kh2 Kf6 27. Kg3 Kg5
28. f4+ gxf3 29. gxf3 Bc3 30. f4+ Kf6 31. Kg4 b5 32. Rh1 Kg6 33. f5+ Kg7 34.
Rd1 Bb4 35. c3 1-0

[Event "DEM U18 2019"]
[Site "Willingen GER"]
[Date "2019.06.10"]
[Round "3"]
[White "Engel, Luis"]
[Black "Rieß, Alexander"]
[Result "1-0"]
[Termination "normal"]
[Board "1"]
[WhiteTitle "IM"]
[BlackTitle "FM"]
[WhiteElo "2512"]
[BlackElo "2305"]
[WhiteClock "00:40:56"]
[BlackClock "00:10:03"]
[PlyCount "73"]
[WhiteFideId "12961523"]
[BlackFideId "12953326"]
[EventCountry "GER"]
[EventRounds "9"]
[EventType "swiss"]
[EventDate "2019.06.08"]

1. e4 e5 2. Nf3 Nc6 3. Bb5 a6 4. Ba4 Nf6 5. d3 b5 6. Bb3 Be7 7. a4 b4 8. Nbd2
d6 9. Nc4 O-O 10. h3 Be6 11. O-O h6 12. Re1 Nd7 13. Be3 Bf6 14. a5 Qc8 15. Nh2
Bg5 16. Bxg5 hxg5 17. Nf3 Qd8 18. Ba4 Nd4 19. Nxd4 exd4 20. Bxd7 Bxd7 21. e5 d5
22. Nd2 c5 23. Qh5 Rc8 24. Nf3 Rc6 25. Qxg5 Qc8 26. Nh4 Rh6 27. f4 Bxh3 28. f5
Rxh4 29. Qxh4 Bxf5 30. Re2 Qd8 31. Qf4 Be6 32. g3 g5 33. Qf3 Kg7 34. Rh2 Rh8
35. Rxh8 Kxh8 36. Qh5+ Kg7 37. Rf1 1-0

[Event "DEM U18 2019"]
[Site "Willingen GER"]
[Date "2019.06.10"]
[Round "3"]
[White "Kuznecovs, Nikita"]
[Black "Buckels, Valentin"]
[Result "1-0"]
[Termination "normal"]
[Board "2"]
[WhiteTitle "FM"]
[BlackTitle "IM"]
[WhiteElo "2317"]
[BlackElo "2448"]
[WhiteClock "00:01:30"]
[BlackClock "00:02:16"]
[PlyCount "71"]
[WhiteFideId "11604557"]
[BlackFideId "12942766"]
[EventCountry "GER"]
[EventRounds "9"]
[EventType "swiss"]
[EventDate "2019.06.08"]

1. c4 e5 2. Nf3 Nc6 3. d4 exd4 4. Nxd4 g6 5. Nxc6 bxc6 6. Bd2 Bg7 7. Bc3 Nf6 8.
g3 O-O 9. Bg2 Rb8 10. O-O Re8 11. e3 c5 12. Nd2 d6 13. Qa4 a6 14. Rac1 Nd7 15.
Qa3 Ne5 16. Bxe5 Bxe5 17. b3 Rb6 18. Rcd1 Bg4 19. Bf3 Bd7 20. Ne4 Qc8 21. Qa5
Bh3 22. Bg2 Bg4 23. Rc1 h5 24. h4 Rb4 25. Ng5 Kg7 26. Bc6 Re7 27. Bg2 Be2 28.
Rfe1 Bd3 29. Qa3 Bf6 30. e4 Qe8 31. Re3 Bxc4 32. Rxc4 Rxc4 33. bxc4 Bd4 34. Re1
f6 35. Nh3 f5 36. Qd3 1-0

[Event "DEM U18 2019"]
[Site "Willingen GER"]
[Date "2019.06.10"]
[Round "3"]
[White "Roseneck, Jonas"]
[Black "Ewert, Hannes"]
[Result "1-0"]
[Termination "normal"]
[Board "3"]
[WhiteTitle "FM"]
[BlackTitle "FM"]
[WhiteElo "2403"]
[BlackElo "2268"]
[WhiteClock "00:10:51"]
[BlackClock "00:00:31"]
[PlyCount "74"]
[WhiteFideId "12939870"]
[BlackFideId "12961574"]
[EventCountry "GER"]
[EventRounds "9"]
[EventType "swiss"]
[EventDate "2019.06.08"]

1. e4 e5 2. Nf3 Nc6 3. Bb5 a6 4. Ba4 Nf6 5. O-O Be7 6. Re1 b5 7. Bb3 d6 8. c3
O-O 9. h3 Nb8 10. d4 Nbd7 11. c4 c6 12. Nc3 b4 13. Ne2 Nxe4 14. Qc2 f5 15. c5+
d5 16. Be3 Qc7 17. Nxe5 Nxe5 18. Bf4 Bf6 19. f3 Ng5 20. dxe5 Ne6 21. exf6 Nxf4
22. fxg7 Nxe2+ 23. Rxe2 Qxg7 24. Qd2 Rb8 25. Rae1 Rb7 26. Qf4 a5 27. Ba4 Qf6
28. Re8 Rbf7 29. Rxf8+ Rxf8 30. Qc7 Qd4+ 31. Kh2 f4 32. Bc2 Qg7 33. Re7 Qg3+
34. Kh1 Qg5 35. Bxh7+ Kh8 36. Bd3 Bf5 37. Qe5+ Qf6 1-0

[Event "DEM U18 2019"]
[Site "Willingen GER"]
[Date "2019.06.10"]
[Round "3"]
[White "Färber, David"]
[Black "Mätzkow, Maximilian Paul"]
[Result "0-1"]
[Termination "normal"]
[Board "4"]
[BlackTitle "FM"]
[WhiteElo "2293"]
[BlackElo "2338"]
[WhiteClock "00:03:36"]
[BlackClock "00:10:14"]
[PlyCount "170"]
[WhiteFideId "12971294"]
[BlackFideId "24679933"]
[EventCountry "GER"]
[EventRounds "9"]
[EventType "swiss"]
[EventDate "2019.06.08"]

1. e4 e6 2. d4 d5 3. Nc3 Nf6 4. Bg5 Bb4 5. e5 h6 6. Bd2 Bxc3 7. bxc3 Ne4 8. Qg4
Kf8 9. Bd3 Nxd2 10. Kxd2 c5 11. h4 Nc6 12. Rh3 c4 13. Bf1 b5 14. a3 a5 15. Ne2
Rb8 16. Rf3 Rg8 17. Nf4 Ke7 18. Nh5 Qf8 19. Rg3 Ba6 20. f4 Kd7 21. f5 Kc7 22.
fxe6 Bc8 23. Nxg7 Bxe6 24. Nxe6+ fxe6 25. Qf3 Rxg3 26. Qxg3 b4 27. Qf3 bxc3+
28. Kxc3 Qxf3+ 29. gxf3 Rf8 30. Be2 Rf4 31. Rd1 Rxh4 32. Bf1 Rf4 33. Bg2 h5 34.
Rh1 h4 35. Rd1 h3 36. Bh1 Ne7 37. Rg1 Nf5 38. Rg6 Nxd4 39. Rh6 Ne2+ 40. Kd2 Ng3
41. Rxh3 Nxh1 42. Rxh1 Rxf3 43. Rh7+ Kd8 44. Rh8+ Ke7 45. Rh7+ Rf7 46. Rh8 Rf5
47. Rh7+ Kd8 48. Ra7 Rxe5 49. Rxa5 Kc7 50. a4 Kb6 51. Rb5+ Kc6 52. Ra5 Re4 53.
c3 Kd6 54. Ra8 Rh4 55. a5 Rh2+ 56. Kc1 Ra2 57. Kb1 Ra4 58. Ra6+ Ke5 59. Kc2 Kf5
60. Ra8 Ke4 61. a6 e5 62. a7 Ra6 63. Kb1 Kd3 64. Rd8 Rxa7 65. Rxd5+ Ke4 66. Rc5
Ra4 67. Kc2 Kf4 68. Kd1 e4 69. Rh5 e3 70. Rh8 Ra1+ 71. Ke2 Ra2+ 72. Kd1 Rd2+
73. Ke1 Rc2 74. Rh4+ Kf3 75. Rh3+ Ke4 76. Rh8 Kd3 77. Rd8+ Kxc3 78. Re8 Kb2 79.
Rxe3 c3 80. Re8 Rh2 81. Rb8+ Kc1 82. Rc8 c2 83. Rb8 Rh5 84. Ke2 Re5+ 85. Kf2
Kd2 0-1

[Event "DEM U18 2019"]
[Site "Willingen GER"]
[Date "2019.06.10"]
[Round "3"]
[White "Parvanyan, Ashot"]
[Black "Arndt, Magnus"]
[Result "1-0"]
[Termination "normal"]
[Board "5"]
[WhiteTitle "IM"]
[WhiteElo "2421"]
[BlackElo "2186"]
[WhiteClock "00:24:05"]
[BlackClock "00:06:25"]
[PlyCount "57"]
[WhiteFideId "13307550"]
[BlackFideId "12998656"]
[EventCountry "GER"]
[EventRounds "9"]
[EventType "swiss"]
[EventDate "2019.06.08"]

1. Nf3 Nf6 2. c4 e6 3. g3 d5 4. d4 Be7 5. Bg2 O-O 6. O-O dxc4 7. Qc2 b6 8. Na3
Bb7 9. Nxc4 Nbd7 10. Bf4 Be4 11. Qb3 Nd5 12. Bc1 N5f6 13. Rd1 Qc8 14. Bd2 Qb7
15. Rac1 c5 16. Bf4 Bd5 17. Ne1 Bxg2 18. Nxg2 cxd4 19. Rxd4 Nc5 20. Qd1 Nd5 21.
b4 Nxb4 22. Nd6 Bxd6 23. Bxd6 Nc6 24. Bxf8 Nxd4 25. Bxg7 Nxe2+ 26. Qxe2 Kxg7
27. Qb2+ f6 28. Rxc5 Qd7 29. Rc1 1-0

[Event "DEM U18 2019"]
[Site "Willingen GER"]
[Date "2019.06.10"]
[Round "3"]
[White "Goldbeck, Lars"]
[Black "Muckle, Julius"]
[Result "0-1"]
[Termination "normal"]
[Board "6"]
[BlackTitle "FM"]
[WhiteElo "2199"]
[BlackElo "2370"]
[WhiteClock "00:40:44"]
[BlackClock "00:20:41"]
[PlyCount "52"]
[WhiteFideId "16208188"]
[BlackFideId "12942430"]
[EventCountry "GER"]
[EventRounds "9"]
[EventType "swiss"]
[EventDate "2019.06.08"]

1. c4 c6 2. Nf3 d5 3. g3 Nf6 4. Bg2 Bf5 5. O-O e6 6. cxd5 cxd5 7. Qb3 Qb6 8.
Qxb6 axb6 9. Nc3 Nc6 10. d3 e5 11. Bg5 Be6 12. Nh4 d4 13. Nb5 Kd7 14. f4 Ra5
15. a4 h6 16. Bxf6 gxf6 17. Nf3 Bb4 18. Rfc1 exf4 19. gxf4 Rha8 20. Kf1 Rxa4
21. Rxa4 Rxa4 22. Nbxd4 Nxd4 23. Nxd4 Bd2 24. Rc2 Be3 25. Nf3 Ra1+ 26. Ne1 Rd1
0-1

[Event "DEM U18 2019"]
[Site "Willingen GER"]
[Date "2019.06.10"]
[Round "3"]
[White "Wendler, David"]
[Black "Schmider, Niklas"]
[Result "0-1"]
[Termination "normal"]
[Board "7"]
[WhiteElo "2163"]
[BlackElo "2300"]
[WhiteClock "00:04:58"]
[BlackClock "00:04:11"]
[PlyCount "98"]
[WhiteFideId "12938360"]
[BlackFideId "12993778"]
[EventCountry "GER"]
[EventRounds "9"]
[EventType "swiss"]
[EventDate "2019.06.08"]

1. e4 c5 2. c3 Nf6 3. e5 Nd5 4. d4 cxd4 5. Nf3 Nc6 6. Bc4 Nb6 7. Bb3 d5 8. exd6
Qxd6 9. O-O Be6 10. Na3 dxc3 11. Bxe6 Qxd1 12. Rxd1 fxe6 13. bxc3 g6 14. Ng5 e5
15. Rb1 Rc8 16. Ne4 Bg7 17. Be3 O-O 18. Bxb6 axb6 19. Nc4 Ra8 20. Nxb6 Rxa2 21.
Nd7 Rd8 22. Rxb7 Re2 23. f3 Ra8 24. Rc7 Bh6 25. Kf1 Raa2 26. Ndf6+ Kf7 27. Ng4
Bf4 28. Rxc6 h5 29. Ngf2 Be3 30. Nh3 Rxg2 31. Re1 Bf4 32. Nef2 Rxh2 33. Kg1 Bg3
34. Rf1 Kg7 35. Rc7 g5 36. Nxg5 Rhxf2 37. Rxf2 Bxf2+ 38. Kf1 Be3 39. Ne4 Kf7
40. Rc8 h4 41. Rh8 Rh2 42. c4 Ke6 43. Rh5 Bd4 44. c5 Kd5 45. Rh7 h3 46. Ng5
Rf2+ 47. Ke1 h2 48. f4 Rg2 49. fxe5 Rg1+ 0-1

[Event "DEM U18 2019"]
[Site "Willingen GER"]
[Date "2019.06.10"]
[Round "3"]
[White "Wong, Gengchun"]
[Black "Browning, Alex"]
[Result "1/2-1/2"]
[Termination "normal"]
[Board "8"]
[WhiteElo "2144"]
[BlackElo "2304"]
[WhiteClock "00:42:02"]
[BlackClock "00:14:25"]
[PlyCount "52"]
[WhiteFideId "12963283"]
[BlackFideId "12984019"]
[EventCountry "GER"]
[EventRounds "9"]
[EventType "swiss"]
[EventDate "2019.06.08"]

1. e4 c5 2. Nf3 d6 3. d4 cxd4 4. Nxd4 Nf6 5. Nc3 a6 6. Bg5 e6 7. f4 h6 8. Bh4
Qb6 9. Qd3 Qxb2 10. Rb1 Qa3 11. f5 Be7 12. fxe6 fxe6 13. Be2 O-O 14. O-O Nc6
15. Nxc6 bxc6 16. Nd5 Qxd3 17. Nxe7+ Kf7 18. cxd3 Kxe7 19. e5 dxe5 20. Bf3 Bd7
21. Bg3 Rab8 22. Bxe5 Rb5 23. Rbe1 Rc8 24. d4 Be8 25. Rf2 Bg6 26. Be2 Ra5
1/2-1/2

[Event "DEM U18 2019"]
[Site "Willingen GER"]
[Date "2019.06.10"]
[Round "3"]
[White "Hinrichs, Niklas"]
[Black "Mütsch, Annmarie"]
[Result "0-1"]
[Termination "normal"]
[Board "10"]
[BlackTitle "WIM"]
[WhiteElo "2128"]
[BlackElo "2266"]
[WhiteClock "00:27:48"]
[BlackClock "00:48:50"]
[PlyCount "92"]
[WhiteFideId "12942499"]
[BlackFideId "12971367"]
[EventCountry "GER"]
[EventRounds "9"]
[EventType "swiss"]
[EventDate "2019.06.08"]

1. d4 Nf6 2. c4 g6 3. Nc3 Bg7 4. e4 d6 5. f3 O-O 6. Be3 c5 7. dxc5 dxc5 8. Qxd8
Rxd8 9. Bxc5 Nc6 10. Be3 Nb4 11. Rc1 Be6 12. Nh3 Nd3+ 13. Bxd3 Rxd3 14. Nd1
Bxh3 15. gxh3 Nh5 16. Ke2 Rad8 17. b3 Be5 18. Nf2 Rxe3+ 19. Kxe3 Bf4+ 20. Ke2
Rd2+ 21. Ke1 Rxa2 22. Rd1 Be3 23. Nd3 g5 24. Nb4 Rb2 25. Nd3 Rc2 26. Nb4 Rg2
27. Nd5 Nf4 28. Nxf4 gxf4 29. Rb1 a5 30. Kf1 Rf2+ 31. Ke1 Ra2 32. Kf1 b6 33.
Rg1+ Bxg1 34. Kxg1 Rc2 35. h4 Kg7 36. h3 e6 37. b4 Rxc4 38. bxa5 bxa5 39. Rb5
a4 40. Ra5 Rc3 41. Rxa4 Rxf3 42. Kg2 Rg3+ 43. Kh2 Re3 44. Kg2 e5 45. Rb4 h5 46.
Ra4 f6 0-1

[Event "DEM U18 2019"]
[Site "Willingen GER"]
[Date "2019.06.10"]
[Round "3"]
[White "Runte, Moritz"]
[Black "Martin, Julian"]
[Result "1/2-1/2"]
[Termination "normal"]
[Board "11"]
[BlackTitle "IM"]
[WhiteElo "2096"]
[BlackElo "2370"]
[WhiteClock "00:04:44"]
[BlackClock "00:03:23"]
[PlyCount "76"]
[WhiteFideId "12991449"]
[BlackFideId "12941000"]
[EventCountry "GER"]
[EventRounds "9"]
[EventType "swiss"]
[EventDate "2019.06.08"]

1. e4 c5 2. Nf3 d6 3. d4 cxd4 4. Nxd4 Nf6 5. Nc3 e5 6. Nde2 Be7 7. g3 Be6 8.
Bg2 Nc6 9. O-O O-O 10. h3 Qd7 11. Kh2 Ne8 12. g4 Nc7 13. Ng3 Bc4 14. Re1 Bh4
15. Nd5 Bxg3+ 16. fxg3 Ne7 17. Nxc7 Qxc7 18. b3 Be6 19. Re3 b5 20. Rd3 Nc6 21.
c3 a5 22. Ba3 b4 23. Bb2 Rfd8 24. Rc1 Qb6 25. Rc2 a4 26. c4 Na5 27. Rcd2 Nb7
28. g5 Ra5 29. h4 Qc7 30. Bh3 Bxh3 31. Kxh3 Qc6 32. Rd5 Rxd5 33. Rxd5 Nc5 34.
Bxe5 Nxe4 35. Qf3 Re8 36. Qxe4 dxe5 37. bxa4 Qxa4 38. Rxe5 Qd7+ 1/2-1/2

[Event "DEM U18 2019"]
[Site "Willingen GER"]
[Date "2019.06.10"]
[Round "3"]
[White "Schnabel, Bennett"]
[Black "Schneider, Jana"]
[Result "1/2-1/2"]
[Termination "normal"]
[Board "12"]
[BlackTitle "FM"]
[WhiteElo "2125"]
[BlackElo "2235"]
[WhiteClock "00:19:41"]
[BlackClock "00:06:03"]
[PlyCount "52"]
[WhiteFideId "12943290"]
[BlackFideId "12924997"]
[EventCountry "GER"]
[EventRounds "9"]
[EventType "swiss"]
[EventDate "2019.06.08"]

1. c4 e6 2. g3 d5 3. Bg2 Nf6 4. d4 Bb4+ 5. Bd2 Bd6 6. Nc3 c6 7. e4 dxe4 8. Nxe4
Nxe4 9. Bxe4 Nd7 10. Bc3 O-O 11. Nf3 c5 12. O-O Nf6 13. Bc2 b6 14. Ne5 Bb7 15.
Ng4 Ne4 16. Qd3 cxd4 17. Qxd4 e5 18. Qd3 Ng5 19. Rfd1 Qc8 20. Qf5 Qxf5 21. Bxf5
Rad8 22. h4 Nf3+ 23. Kf1 g6 24. Be4 Bxe4 25. Nf6+ Kg7 26. Nxe4 Bc7 1/2-1/2

[Event "DEM U18 2019"]
[Site "Willingen GER"]
[Date "2019.06.10"]
[Round "3"]
[White "Engel, Robert"]
[Black "Knödler, Marcel"]
[Result "1/2-1/2"]
[Termination "normal"]
[Board "13"]
[WhiteElo "2067"]
[BlackElo "1633"]
[WhiteClock "00:24:11"]
[BlackClock "00:00:37"]
[PlyCount "133"]
[WhiteFideId "12974684"]
[BlackFideId "12976202"]
[EventCountry "GER"]
[EventRounds "9"]
[EventType "swiss"]
[EventDate "2019.06.08"]

1. e4 c6 2. d4 d5 3. Nc3 dxe4 4. Nxe4 Nf6 5. Nxf6+ exf6 6. Nf3 Bd6 7. Bd3 O-O
8. O-O Be6 9. b3 Qa5 10. h3 Qh5 11. Nd2 Qh4 12. Ne4 Bc7 13. f4 f5 14. Ng5 h6
15. Nxe6 fxe6 16. Qe2 Qe7 17. Re1 Rf6 18. Bc4 Kf7 19. Qh5+ Kf8 20. Kh1 b5 21.
Bd3 Ba5 22. Re2 Bc3 23. Rb1 Bxd4 24. Bd2 Nd7 25. Be1 Qf7 26. Qf3 e5 27. Bb4+
Kg8 28. fxe5 Nxe5 29. Qf4 Nxd3 30. Qxd4 Nxb4 31. Qxb4 Re8 32. Rbe1 Rfe6 33.
Rxe6 Rxe6 34. Rxe6 Qxe6 35. a4 Qe4 36. Qc5 a6 37. axb5 axb5 38. Qf2 f4 39. Kh2
Kf7 40. Qd2 Kg6 41. Qd6+ Kh7 42. Qc5 f3 43. gxf3 Qxf3 44. c4 bxc4 45. Qxc4 h5
46. b4 Qf2+ 47. Kh1 Qf3+ 48. Kh2 Qf2+ 49. Kh1 Qf6 50. Qe4+ g6 51. Kh2 h4 52.
Qg4 Qb2+ 53. Kg1 Qc1+ 54. Kf2 Qd2+ 55. Kf1 Qd3+ 56. Kg2 Qg3+ 57. Qxg3 hxg3 58.
Kxg3 Kh6 59. Kg4 Kg7 60. Kg5 Kf7 61. Kf4 Kf6 62. h4 Kf7 63. Ke3 Ke7 64. Kd3 Kd6
65. Kd4 Ke6 66. Kc5 Kd7 67. Kb6 1/2-1/2

[Event "DEM U18 2019"]
[Site "Willingen GER"]
[Date "2019.06.10"]
[Round "3"]
[White "Sureshkumar, Atchuthan"]
[Black "Lange, Jannis"]
[Result "0-1"]
[Termination "normal"]
[Board "14"]
[WhiteElo "1502"]
[BlackElo "2024"]
[WhiteClock "00:40:04"]
[BlackClock "00:28:02"]
[PlyCount "42"]
[WhiteFideId "16283678"]
[BlackFideId "12993107"]
[EventCountry "GER"]
[EventRounds "9"]
[EventType "swiss"]
[EventDate "2019.06.08"]

1. e4 c5 2. Nf3 Nc6 3. d4 cxd4 4. Nxd4 Nf6 5. Nc3 e5 6. Ndb5 d6 7. Bg5 a6 8.
Na3 b5 9. Nd5 Be7 10. Bxf6 Bxf6 11. c4 b4 12. Nc2 a5 13. Be2 Bg5 14. O-O O-O
15. b3 Be6 16. f4 exf4 17. Nxf4 Bf6 18. Rb1 Be5 19. Nd5 Qh4 20. h3 Bxh3 21. Qd3
Bxg2 0-1